000 00431nam a2200169Ia 4500
008 230711s9999||||xx |||||||||||||| ||und||
020 _a978-81-81068-40-3
041 _aENG
082 _a5.73
_bSA-D
100 _aSalaria,R.S
245 0 _aData structures (theory,problems and algorithms)
250 _a1st Ed.
260 _c2013
_aNew Delhi
_bKhanna Publishers
300 _a479
650 _aComputer Engineering
942 _cBK
999 _c5508
_d5508